Vývoj, výskum a inovácie v SR
Financovanie vývoja a výskumu v Slovenskej republike. Regionálny pohľad na výdavky vývoja a výskumu v SR. Ľudské zdroje v oblasti vývoja a výskumu. Počet pracovníkov vo výskume a vývoji vo vybraných krajinách. Počet pracovníkov vo výskume a vývoji podľa sektorov. Inovácie - sumárny inovačný index -...
Enregistré dans:
| Auteur principal: | |
|---|---|
| Format: | Chapitre de livre |
| Langue: | slovaque |
| Sujets: | |
| Tags: |
Pas de tags, Soyez le premier à ajouter un tag!
|
MARC
| LEADER | 00000nla$a2200000$$$4500 | ||
|---|---|---|---|
| 001 | 0102228 | ||
| 005 | 20221128083654.3 | ||
| 041 | 0 | |a slo | |
| 044 | |a SK | ||
| 245 | 1 | 0 | |a Vývoj, výskum a inovácie v SR |c Michal Voloch |
| 520 | |a Financovanie vývoja a výskumu v Slovenskej republike. Regionálny pohľad na výdavky vývoja a výskumu v SR. Ľudské zdroje v oblasti vývoja a výskumu. Počet pracovníkov vo výskume a vývoji vo vybraných krajinách. Počet pracovníkov vo výskume a vývoji podľa sektorov. Inovácie - sumárny inovačný index - poradie krajín podľa inovačnej výkonnosti. Príčiny nízkej inovačnej schopnosti. | ||
| 610 | 2 | 0 | |a výskum |
| 610 | 2 | 0 | |a vývoj |
| 610 | 2 | 0 | |a inovácia |
| 610 | 2 | 0 | |a financovanie |
| 610 | 2 | 0 | |a sektor štátny |
| 610 | 2 | 0 | |a sektor súkromný |
| 610 | 2 | 0 | |a pracovníci |
| 610 | 2 | 0 | |a Slovensko |
| 100 | 1 | |a Voloch, Michal | |